000 01445nam a2200277 a 4500
001 79322
003 BD-RjUL
005 20220206110559.0
008 220206s2020 bg ||||| |||| 00| 0 ben d
020 _a9789843495099
_c:Tk.200
035 _a(BD-RjUL)79322
040 _aBD-RjUL
_beng
_cBD-RjUL
041 _aben
082 _223
_a954.9205
_bRAG 2020
100 _aরহমান, মো. মাহবুবর
245 1 0 _aগণহত্যা-বধ্যভূমি ও গণকবর জরিপ :
_bচাঁপাইনবাবগঞ্জ জেলা /
_cমো. মাহবুবর রহমান
260 _aখুলনা :
_b১৯৭১ : গণহত্যা - নির্যাতন আর্কাইভ ও জাদুঘর ট্রাস্ট,
_c২০২০
300 _a১১৬ পৃ.:
_bচিত্রসমূহ ;
_c২২ সেমি.
490 _aজরিপ গ্রন্থমালা :
_v২৫
650 _aবাংলাদেশ
_xইতিহাস
_yমুক্তিযুদ্ধ, ১৯৭১
_9964
650 _aBangladesh
_xHistory
_yRevolution, 1971
_91141
650 _aগণহত্যা
_zচাঁপাইনবাবগঞ্জ
_yমুক্তিযুদ্ধ, ১৯৭১
_91142
650 _aGenocide
_zChapainawabganj
_yWar of Liberation, 1971
_91143
830 _aজরিপ গ্রন্থমালা :
_v২৫
_91144
942 _2ddc
_cBK
999 _c79322
_d79322